Eastern Utah Libraries Catalog: Duchesne, Heber, Roosevelt, & Vernal

Final option (Record no. 249280)

MARC details
000 -LEADER
fixed length control field 04098cim a2200805Ii 4500
001 - CONTROL NUMBER
control field 3021357
005 - DATE AND TIME OF LATEST TRANSACTION
control field 20210512172455.0
007 - PHYSICAL DESCRIPTION FIXED FIELD--GENERAL INFORMATION
fixed length control field sd fungnnmmnud
008 - FIXED-LENGTH DATA ELEMENTS--GENERAL INFORMATION
fixed length control field 190725t20192019nyunnnne f n eng d
020 ## - INTERNATIONAL STANDARD BOOK NUMBER
International Standard Book Number 9780593106860
Terms of availability 4499
024 1# - OTHER STANDARD IDENTIFIER
Standard number or code 9780593106860
028 42 - PUBLISHER NUMBER
Publisher number PRHA 8934
Source Penguin Random House Audio
035 ## - SYSTEM CONTROL NUMBER
System control number (OCoLC)1111171935
Canceled/invalid control number (OCoLC)1111190058
-- (OCoLC)1127550402
-- (OCoLC)1129194921
-- (OCoLC)1129200660
-- (OCoLC)1137634614
-- (OCoLC)1141745216
035 ## - SYSTEM CONTROL NUMBER
System control number (OCoLC)on1111171935
035 ## - SYSTEM CONTROL NUMBER
System control number 2899943
037 ## - SOURCE OF ACQUISITION
Stock number 60d36q
Source of stock number/acquisition Blackstone Publishing
037 ## - SOURCE OF ACQUISITION
Stock number 40d36q
Source of stock number/acquisition Blackstone Publishing
040 ## - CATALOGING SOURCE
Original cataloging agency TOH
Language of cataloging eng
Description conventions rda
Transcribing agency TOH
Modifying agency OCLCQ
-- TEF
-- BLACP
-- GL4
-- RECBC
-- OCLCF
-- IEP
-- VP@
-- ZGR
-- CHY
-- CNCAR
-- OCLCO
-- B@L
-- TVP
-- TXHLC
-- ONT
-- OCLCQ
050 #4 - LIBRARY OF CONGRESS CALL NUMBER
Classification number PS3553.U75
Item number F56 2019ab
082 04 - DEWEY DECIMAL CLASSIFICATION NUMBER
Classification number 813/.54
Edition number 23
092 ## - LOCALLY ASSIGNED DEWEY CALL NUMBER (OCLC)
Classification number F
999 ## - SYSTEM CONTROL NUMBERS (KOHA)
Koha Dewey Subclass [OBSOLETE] F
100 1# - MAIN ENTRY--PERSONAL NAME
Personal name Cussler, Clive,
Relator term author.
9 (RLIN) 14580
245 10 - TITLE STATEMENT
Title Final option
Medium [sound recording] /
Statement of responsibility, etc Clive Cussler and Boyd Morrison.
250 ## - EDITION STATEMENT
Edition statement Unabridged.
264 #1 - Production, Publication, Distribution, Manufacture, and Copyright Notice.
Place of production, publication, distribution, manufacture New York :
Name of producer, publisher, distributor, manufacturer Penguin Audio,
Date of production, publication, distribution, manufacture, or copyr [2019]
264 #4 - Production, Publication, Distribution, Manufacture, and Copyright Notice.
Date of production, publication, distribution, manufacture, or copyr ℗2019
300 ## - PHYSICAL DESCRIPTION
Extent 9 audio discs (approximately 10 hr., 30 min.) :
Other physical details CD audio, digital ;
Dimensions 4 3/4 in.
306 ## - PLAYING TIME
Playing time 103000
336 ## - Content Type
Content type term spoken word
337 ## - Media type
Media type term audio
338 ## - Carrier type
Carrier type term audio disc
490 1# - SERIES STATEMENT
Series statement A novel of the Oregon files ;
Volume number/sequential designation [14]
500 ## - GENERAL NOTE
General note Series numeration from www.goodreads.com.
500 ## - GENERAL NOTE
General note Title from container.
500 ## - GENERAL NOTE
General note Compact discs.
511 0# - PARTICIPANT OR PERFORMER NOTE
Participant or performer note Read by Scott Brick.
520 ## - SUMMARY, ETC.
Summary, etc When the CIA realizes the identities of three American spies in Brazil have been compromised, they turn to Juan Cabrillo and the crew of the Oregon to rescue the agents. What seems a routine operation turns out to be a trap designed by Juan Cabrillo's greatest enemy, a man driven by hate to seek the ultimate revenge. At the heart of the plot is a state-of-the-art ship that is identical to the Oregon: same weaponry, same technology, same ability to evade capture. The only thing it doesn't have is Cabrillo and his talented crew. But will they be enough to go up against the one ship that rivals their own? The crew of the Oregon must piece together a series of disturbing events, including the mysterious sinking of a nuclear attack submarine and the possible discovery of a WWII-era weapon that was thought to be lost in the jungles of Brazil, in the ultimate game of cat and mouse.
610 10 - SUBJECT ADDED ENTRY--CORPORATE NAME
Corporate name or jurisdiction name as entry element United States.
Subordinate unit Central Intelligence Agency
Form subdivision Fiction.
9 (RLIN) 5674537
650 #0 - SUBJECT ADDED ENTRY--TOPICAL TERM
Topical term or geographic name as entry element Cabrillo, Juan (Fictitious character)
Form subdivision Fiction.
9 (RLIN) 5707018
650 #0 - SUBJECT ADDED ENTRY--TOPICAL TERM
Topical term or geographic name as entry element Submarines (Ships)
Form subdivision Fiction.
9 (RLIN) 5674889
650 #0 - SUBJECT ADDED ENTRY--TOPICAL TERM
Topical term or geographic name as entry element Military weapons
Form subdivision Fiction.
9 (RLIN) 6386862
650 #0 - SUBJECT ADDED ENTRY--TOPICAL TERM
Topical term or geographic name as entry element Intelligence service
Form subdivision Fiction.
9 (RLIN) 5698307
650 #0 - SUBJECT ADDED ENTRY--TOPICAL TERM
Topical term or geographic name as entry element Revenge
Form subdivision Fiction.
9 (RLIN) 5673795
650 #0 - SUBJECT ADDED ENTRY--TOPICAL TERM
Topical term or geographic name as entry element Ship captains
Form subdivision Fiction.
9 (RLIN) 5673823
650 #0 - SUBJECT ADDED ENTRY--TOPICAL TERM
Topical term or geographic name as entry element Rescues
Form subdivision Fiction.
9 (RLIN) 5673825
650 #7 - SUBJECT ADDED ENTRY--TOPICAL TERM
Topical term or geographic name as entry element FICTION / Thrillers / General.
Source of heading or term bisacsh
9 (RLIN) 5764091
650 #7 - SUBJECT ADDED ENTRY--TOPICAL TERM
Topical term or geographic name as entry element Cabrillo, Juan (Fictitious character)
Source of heading or term fast
9 (RLIN) 100083
650 #7 - SUBJECT ADDED ENTRY--TOPICAL TERM
Topical term or geographic name as entry element Rescues.
Source of heading or term fast
650 #7 - SUBJECT ADDED ENTRY--TOPICAL TERM
Topical term or geographic name as entry element Ship captains.
Source of heading or term fast
655 #7 - INDEX TERM--GENRE/FORM
Genre/form data or focus term Action and adventure films.
Source of term fast
655 #7 - INDEX TERM--GENRE/FORM
Genre/form data or focus term Audiobooks.
Source of term fast
655 #7 - INDEX TERM--GENRE/FORM
Genre/form data or focus term Fiction.
Source of term fast
9 (RLIN) 5673940
655 #7 - INDEX TERM--GENRE/FORM
Genre/form data or focus term Thrillers (Fiction)
Source of term fast
9 (RLIN) 5697221
655 #7 - INDEX TERM--GENRE/FORM
Genre/form data or focus term Spy fiction.
Source of term lcgft
9 (RLIN) 5700151
655 #7 - INDEX TERM--GENRE/FORM
Genre/form data or focus term Thrillers (Fiction)
Source of term lcgft
9 (RLIN) 5697221
655 #7 - INDEX TERM--GENRE/FORM
Genre/form data or focus term Action and adventure fiction.
Source of term lcgft
655 #7 - INDEX TERM--GENRE/FORM
Genre/form data or focus term Sea fiction.
Source of term lcgft
9 (RLIN) 5732683
655 #7 - INDEX TERM--GENRE/FORM
Genre/form data or focus term Audiobooks.
Source of term lcgft
9 (RLIN) 6417622
690 ## - LOCAL SUBJECT ADDED ENTRY--TOPICAL TERM (OCLC, RLIN)
Topical term or geographic name as entry element Audiobooks on CD.
700 1# - ADDED ENTRY--PERSONAL NAME
Personal name Morrison, Boyd,
Dates associated with a name 1967-
Relator term author.
9 (RLIN) 6206854
700 1# - ADDED ENTRY--PERSONAL NAME
Personal name Brick, Scott,
Relator term narrator.
9 (RLIN) 66410
787 0# - NONSPECIFIC RELATIONSHIP ENTRY
Note OCLC Work Id
Other item identifier http://worldcat.org/entity/work/id/9431554322
800 1# - SERIES ADDED ENTRY--PERSONAL NAME
Personal name Cussler, Clive.
Title of a work Novel of the Oregon Files (Sound recording) ;
Volume/sequential designation 14.
9 (RLIN) 5884200
942 ## - ADDED ENTRY ELEMENTS (KOHA)
Source of classification or shelving scheme Dewey Decimal Classification
Koha item type Audiobook on CD
Holdings
Withdrawn status Lost status Source of classification or shelving scheme Materials specified (bound volume or other part) Damaged status Not for loan Collection code Home library Current library Shelving location Date acquired Cost, normal purchase price Total Checkouts Total Renewals Full call number Barcode Date last seen Date checked out Cost, replacement price Price effective from Koha item type
    Dewey Decimal Classification .CIRCNOTE. 9 discs     Audiobooks Wasatch County Library Wasatch County Library Second Floor 11/19/2019 45.00 9 5 CD Cus 34301001657958 10/02/2025 09/15/2025 45.00 03/20/2020 Audiobook on CD
This project was made possible through a grant from the Institute of Museum and Library Service administered by the Utah State Library Division.

Wasatch County Library

  • 465 East 1200 South, Heber City, Utah 84032
  • Phone 435-654-1511 | Fax 435-654-6456

Hours

  • Monday - Friday 9:30 AM - 8:00 PM
  • Saturday 9:30 AM - 1:30 PM
  • Closed Sundays and Holidays